[Event "VI Open Internacional Málaga"]
[Site "Málaga ESP"]
[Date "2003.02.23"]
[Round "4.6"]
[White "Korneev, Oleg"]
[Black "Tissir, Mohamed"]
[Result "1-0"]
[WhiteElo "2613"]
[BlackElo "2366"]
[PlyCount "83"]
[EventDate "2003.02.21"]
[Source "lmi"]
[SourceDate "2003.02.28"]

1. e4 e5 2. Nf3 Nc6 3. Bb5 a6 4. Ba4 Nf6 5. O-O Be7 6. Re1 b5 7. Bb3 d6 8. c3
O-O 9. h3 Na5 10. Bc2 c5 11. d4 Qc7 12. Nbd2 cxd4 13. cxd4 Bd7 14. Nf1 Rac8 15.
Re2 Rfe8 16. Ng3 Nc6 17. Be3 exd4 18. Nxd4 d5 19. Nxc6 Bxc6 20. e5 Ne4 21. Bf4
Qb7 22. Kh2 g6 23. f3 Ng5 24. Bb3 a5 25. a3 Rcd8 26. Bxg5 Bxg5 27. Qd4 Be7 28.
f4 a4 29. Bc2 Bf8 30. f5 Bg7 31. Rae1 Qb8 32. Kh1 Ba8 33. Nh5 gxh5 34. f6 Bxf6
35. exf6 Rxe2 36. Rxe2 Qg3 37. Re3 Qg5 38. h4 Qh6 39. Kh2 Kh8 40. Re7 Kg8 41.
Qe5 Bc6 42. Rxf7 1-0

[Event "VI Open Internacional Málaga"]
[Site "Málaga ESP"]
[Date "2003.02.23"]
[Round "4.7"]
[White "Barria Zuñiga, Daniel"]
[Black "Suba, Mihai"]
[Result "1/2-1/2"]
[WhiteElo "2351"]
[BlackElo "2501"]
[PlyCount "51"]
[EventDate "2003.02.21"]
[Source "lmi"]
[SourceDate "2003.02.28"]

1. e4 e6 2. d4 d5 3. e5 c5 4. c3 Nc6 5. Nf3 Qb6 6. a3 a5 7. Bd3 Bd7 8. dxc5
Bxc5 9. O-O Nge7 10. Qe2 a4 11. Bf4 h6 12. Qc2 Na5 13. Nbd2 Bb5 14. Bxb5+ Qxb5
15. Rfe1 Rc8 16. Rad1 O-O 17. Nf1 Nb3 18. N3d2 Ng6 19. Nxb3 axb3 20. Qd2 Ra8
21. Be3 Qb6 22. Qe2 Ra4 23. Rc1 Rc8 24. Bxc5 Qxc5 25. c4 Rd8 26. g3 1/2-1/2

[Event "VI Open Internacional Málaga"]
[Site "Málaga ESP"]
[Date "2003.02.23"]
[Round "4.8"]
[White "Cramling, Pia"]
[Black "Rasmussen, Karsten"]
[Result "1-0"]
[WhiteElo "2492"]
[BlackElo "2396"]
[PlyCount "73"]
[EventDate "2003.02.21"]
[Source "lmi"]
[SourceDate "2003.02.28"]

1. d4 Nf6 2. Nf3 e6 3. c4 c5 4. d5 exd5 5. cxd5 Bd6 6. Bg5 O-O 7. Nc3 Bc7 8. e3
d6 9. Be2 Nbd7 10. Nd2 a6 11. a4 Re8 12. O-O Rb8 13. Qc2 h6 14. Bh4 Nf8 15. h3
Ng6 16. Bg3 Ne5 17. f4 Ng6 18. e4 Bd7 19. a5 Bxa5 20. Rxa5 Qxa5 21. Nc4 Qb4 22.
Nxd6 Re7 23. e5 Qd4+ 24. Kh2 Nh7 25. Nxf7 Rxf7 26. Qxg6 Bf5 27. Qd6 Rbf8 28. e6
b5 29. Qe5 b4 30. e7 Re8 31. Qxf5 bxc3 32. bxc3 Qxc3 33. d6 Nf6 34. Bh4 Kh8 35.
Bxf6 Qxf6 36. Qxf6 gxf6 37. Bh5 1-0

[Event "VI Open Internacional Málaga"]
[Site "Málaga ESP"]
[Date "2003.02.23"]
[Round "4.9"]
[White "Muñoz Moreno, Francisco Javier"]
[Black "Vasquez, Rodrigo"]
[Result "1/2-1/2"]
[WhiteElo "2291"]
[BlackElo "2481"]
[PlyCount "93"]
[EventDate "2003.02.21"]
[Source "lmi"]
[SourceDate "2003.02.28"]

1. d4 Nf6 2. c4 e6 3. Nc3 Bb4 4. e3 O-O 5. Bd3 d5 6. a3 Bxc3+ 7. bxc3 c5 8.
cxd5 exd5 9. Ne2 b6 10. O-O Ba6 11. Bxa6 Nxa6 12. f3 Re8 13. Ng3 Nb8 14. Ra2
cxd4 15. cxd4 Nc6 16. Re2 Qd7 17. Qd3 Rad8 18. Bb2 Re6 19. Rd1 g6 20. e4 Ne8
21. e5 f5 22. Bc3 Rc8 23. Rc2 Nd8 24. Rdc1 Rec6 25. Bd2 Rxc2 26. Rxc2 Rxc2 27.
Qxc2 Qc6 28. Qxc6 Nxc6 29. Ne2 Nc7 30. a4 b5 31. axb5 Nxb5 32. Bc3 a5 33. Kf2
f4 34. Ke1 Nxc3 35. Nxc3 Nxd4 36. Nxd5 g5 37. h4 h6 38. h5 Kf7 39. Nf6 Ke6 40.
Ng4 Nf5 41. Kd2 Ng3 42. Nxh6 Nxh5 43. Ng4 Ng3 44. Kc3 Nf1 45. Kd4 Ne3 46. Nxe3
fxe3 47. Kxe3 1/2-1/2

[Event "VI Open Internacional Málaga"]
[Site "Málaga ESP"]
[Date "2003.02.23"]
[Round "4.10"]
[White "Matamoros Franco, Carlos"]
[Black "Leskovar, Mario"]
[Result "1/2-1/2"]
[WhiteElo "2460"]
[BlackElo "2363"]
[PlyCount "69"]
[EventDate "2003.02.21"]
[Source "lmi"]
[SourceDate "2003.02.28"]

1. c4 g6 2. d4 Bg7 3. e4 d6 4. Nc3 Nd7 5. Nf3 e5 6. Be2 Ne7 7. h4 h6 8. g4 a6
9. h5 g5 10. d5 Nf6 11. Nh2 c6 12. Be3 b5 13. dxc6 Nxc6 14. cxb5 Nd4 15. Bxd4
exd4 16. Qxd4 Nxh5 17. Qd5 Be6 18. Qc6+ Bd7 19. Qxd6 Nf4 20. Rd1 Rc8 21. bxa6
h5 22. a7 Qe7 23. Qxe7+ Kxe7 24. gxh5 Rxc3 25. Rxd7+ Kxd7 26. bxc3 Bxc3+ 27.
Kd1 Ke7 28. Bc4 Bd4 29. Ng4 Bxa7 30. h6 Bd4 31. Bb3 Rd8 32. Kc2 Rc8+ 33. Kd2
Rd8 34. Kc2 Rc8+ 35. Kd1 1/2-1/2

[Event "VI Open Internacional Málaga"]
[Site "Málaga ESP"]
[Date "2003.02.23"]
[Round "4.11"]
[White "Alonso, Salvador"]
[Black "Paz Ladron de Guevara, Daniel"]
[Result "1/2-1/2"]
[WhiteElo "2443"]
[BlackElo "2323"]
[PlyCount "117"]
[EventDate "2003.02.21"]
[Source "lmi"]
[SourceDate "2003.02.28"]

1. d4 e6 2. Nf3 f5 3. c4 Nf6 4. Nc3 Bb4 5. Bd2 Qe7 6. g3 O-O 7. Bg2 a5 8. O-O
d6 9. Qc2 Nbd7 10. Rad1 Bxc3 11. Bxc3 Ne4 12. b3 Nxc3 13. Qxc3 e5 14. dxe5 dxe5
15. Rd5 e4 16. Nd4 Nc5 17. Qe3 b6 18. Rd1 g6 19. Nc2 Bb7 20. R5d2 Rad8 21. Nd4
Rd7 22. Nb5 Rfd8 23. h4 Ne6 24. Nc3 Qg7 25. f3 Rxd2 26. Rxd2 Rxd2 27. Qxd2 Qe5
28. f4 Qd4+ 29. Qxd4 Nxd4 30. Kf2 Kf7 31. Ke3 Nc2+ 32. Kd2 Nd4 33. Bh3 h5 34.
Bf1 Ke7 35. e3 Ne6 36. Ne2 c5 37. Kc3 Nd8 38. a3 Nc6 39. Ng1 Ba6 40. Nh3 Bc8
41. Nf2 Kd6 42. Be2 Bd7 43. Nh3 Ke6 44. Nf2 Bc8 45. Nd1 Kd6 46. Kb2 Be6 47. Nc3
Bf7 48. Bd1 Bg8 49. Be2 Bf7 50. Na2 Bg8 51. Kc3 Ne7 52. Bd1 Bf7 53. b4 axb4+
54. axb4 b5 55. Bb3 bxc4 56. Bxc4 Bxc4 57. Kxc4 cxb4 58. Nxb4 Ng8 59. Kc3
1/2-1/2

[Event "VI Open Internacional Málaga"]
[Site "Málaga ESP"]
[Date "2003.02.23"]
[Round "4.12"]
[White "Grichkevitch, Gilles"]
[Black "Herrera, Irisberto"]
[Result "0-1"]
[WhiteElo "2179"]
[BlackElo "2439"]
[PlyCount "47"]
[EventDate "2003.02.21"]
[Source "lmi"]
[SourceDate "2003.02.28"]

1. e4 c5 2. Nf3 d6 3. d4 cxd4 4. Nxd4 Nf6 5. Nc3 a6 6. Bg5 e6 7. Qf3 h6 8. Bh4
Nbd7 9. O-O-O Qc7 10. Be2 Be7 11. Rhe1 g6 12. Bg3 Ne5 13. Qe3 b5 14. a3 Rb8 15.
Nb3 Bd7 16. Qd4 Rc8 17. Kb1 Rg8 18. h3 Qb8 19. Na5 Qc7 20. Nb3 Bc6 21. Bh2 Ned7
22. g3 Bb7 23. f4 Nc5 24. Qb4 0-1

[Event "VI Open Internacional Málaga"]
[Site "Málaga ESP"]
[Date "2003.02.23"]
[Round "4.13"]
[White "Bellon Lopez, Juan Manuel"]
[Black "Fernandez Siles, Luis"]
[Result "0-1"]
[WhiteElo "2428"]
[BlackElo "2274"]
[PlyCount "76"]
[EventDate "2003.02.21"]
[Source "lmi"]
[SourceDate "2003.02.28"]

1. d4 d5 2. Bg5 c6 3. e3 h6 4. Bh4 Qb6 5. Qc1 e5 6. Nf3 e4 7. Nfd2 Nd7 8. c4
Ngf6 9. Nc3 a6 10. Be2 Be7 11. O-O O-O 12. f3 exf3 13. Bxf3 Qd8 14. Qc2 dxc4
15. Nxc4 Nb6 16. Nxb6 Qxb6 17. Rad1 Re8 18. Be2 Nd5 19. Bxe7 Rxe7 20. Nxd5 cxd5
21. Bf3 Be6 22. Rd3 Rc8 23. Rc3 Rec7 24. Rc1 Rxc3 25. bxc3 Qd8 26. g3 b5 27. a4
b4 28. Qb2 Qa5 29. cxb4 Rxc1+ 30. Qxc1 Qxb4 31. Qc2 Qe1+ 32. Kg2 Qxe3 33. Qd1
a5 34. h4 g6 35. Kh2 Qf2+ 36. Bg2 Bf5 37. Qg1 Qd2 38. Kh1 Be4 0-1

[Event "VI Open Internacional Málaga"]
[Site "Málaga ESP"]
[Date "2003.02.23"]
[Round "4.14"]
[White "Kovacevic, Slobodan"]
[Black "Zult, Daan"]
[Result "1-0"]
[WhiteElo "2396"]
[BlackElo "2165"]
[PlyCount "52"]
[EventDate "2003.02.21"]
[Source "lmi"]
[SourceDate "2003.02.28"]

1. d4 Nf6 2. Nf3 d5 3. Bf4 g6 4. e3 Bg7 5. c3 Nbd7 6. Nbd2 c6 7. Be2 O-O 8. h3
Ne4 9. Nxe4 dxe4 10. Ng5 Nf6 11. Qc2 Qb6 12. Be5 c5 13. dxc5 Qxc5 14. Bxf6 exf6
15. Nxe4 Qe7 16. Nd2 f5 17. O-O f4 18. e4 f5 19. Bf3 fxe4 20. Nxe4 Bf5 21. Rfe1
Rae8 22. Qa4 Kh8 23. Qxa7 Qh4 24. Nd6 Ra8 25. Qc5 Bd7 26. Qd5 h6 1-0

[Event "VI Open Internacional Málaga"]
[Site "Málaga ESP"]
[Date "2003.02.23"]
[Round "4.15"]
[White "Perez Candelario, Manuel"]
[Black "Gutierrez Lopez, Carlos"]
[Result "1-0"]
[WhiteElo "2404"]
[BlackElo "2172"]
[PlyCount "57"]
[EventDate "2003.02.21"]
[Source "lmi"]
[SourceDate "2003.02.28"]

1. e4 c5 2. Nf3 d6 3. d4 cxd4 4. Nxd4 Nf6 5. Nc3 g6 6. f3 Bg7 7. Be3 O-O 8. Qd2
Nc6 9. Bc4 Bd7 10. O-O-O Ne5 11. Bb3 Rc8 12. Kb1 Re8 13. g4 b5 14. g5 Nh5 15.
Ncxb5 a6 16. Nc3 Nc4 17. Qd3 Nxe3 18. Qxe3 Qb6 19. Rhf1 a5 20. a4 Rc5 21. f4 e6
22. Rf3 Rf8 23. Ndb5 Bxb5 24. Nxb5 Rd8 25. f5 exf5 26. exf5 Qb8 27. fxg6 hxg6
28. Bxf7+ Kh7 29. Bxg6+ 1-0

[Event "VI Open Internacional Málaga"]
[Site "Málaga ESP"]
[Date "2003.02.23"]
[Round "5.1"]
[White "Tiviakov, Sergei"]
[Black "Cifuentes Parada, Roberto"]
[Result "1-0"]
[WhiteElo "2635"]
[BlackElo "2506"]
[PlyCount "65"]
[EventDate "2003.02.21"]
[Source "lmi"]
[SourceDate "2003.02.28"]

1. e4 c5 2. c3 e6 3. Nf3 d5 4. exd5 exd5 5. d4 Nc6 6. Bb5 Bd6 7. dxc5 Bxc5 8.
O-O Nge7 9. Nbd2 O-O 10. Nb3 Bb6 11. Re1 Bg4 12. Be3 Bxe3 13. Rxe3 Qd6 14. Bd3
h6 15. h3 Bd7 16. Qd2 Rad8 17. Rd1 Rfe8 18. Bc2 Qc7 19. Rde1 Kf8 20. Ne5 Nxe5
21. Rxe5 Qd6 22. c4 Ba4 23. Na5 Bc6 24. Nxc6 bxc6 25. Qe2 dxc4 26. Ba4 Rd7 27.
Qxc4 Rb8 28. Qe2 f6 29. Re6 Qb4 30. Bc2 Qd2 31. Bh7 Qf4 32. Qh5 Nf5 33. Rxc6
1-0

[Event "VI Open Internacional Málaga"]
[Site "Málaga ESP"]
[Date "2003.02.23"]
[Round "5.2"]
[White "Korneev, Oleg"]
[Black "Cabrera, Alexis"]
[Result "1/2-1/2"]
[WhiteElo "2613"]
[BlackElo "2286"]
[PlyCount "94"]
[EventDate "2003.02.21"]
[Source "lmi"]
[SourceDate "2003.02.28"]

1. e4 c5 2. Nf3 Nc6 3. d4 cxd4 4. Nxd4 Nf6 5. Nc3 g6 6. Nxc6 dxc6 7. Qxd8+ Kxd8
8. Bc4 Ke8 9. e5 Nd7 10. e6 fxe6 11. Bxe6 Bg7 12. Be3 Nf8 13. Bc4 Be6 14. Be2
Nd7 15. O-O-O Bxc3 16. bxc3 Kf7 17. Rd4 Nf6 18. Rhd1 Nd5 19. Bd2 b5 20. c4 Nf6
21. Be3 Rab8 22. g4 c5 23. Rf4 g5 24. Rf3 bxc4 25. Bxc5 Rb5 26. Ba3 Rhb8 27.
Rd4 Rb1+ 28. Kd2 Rc8 29. Rc3 Ra1 30. Bxc4 Bxc4 31. Rcxc4 Rxc4 32. Rxc4 Rxa2 33.
Bc5 Nd5 34. Bd4 Ra3 35. Rc5 Nf6 36. Bxf6 exf6 37. Rc7+ Kg6 38. c4 h5 39. gxh5+
Kxh5 40. c5 Kg4 41. Rd7 Ra5 42. Rd4+ Kf5 43. Rc4 Rb5 44. c6 Rb8 45. c7 Rc8 46.
Rc6 Ke4 47. f3+ Kxf3 1/2-1/2

[Event "VI Open Internacional Málaga"]
[Site "Málaga ESP"]
[Date "2003.02.23"]
[Round "5.3"]
[White "Rizouk, Aimen"]
[Black "Baron Rodriguez, Jesus"]
[Result "1-0"]
[WhiteElo "2519"]
[BlackElo "2414"]
[PlyCount "73"]
[EventDate "2003.02.21"]
[Source "lmi"]
[SourceDate "2003.02.28"]

1. e4 e5 2. Nf3 Nc6 3. Bc4 Nf6 4. d3 Be7 5. O-O O-O 6. c3 d6 7. a4 h6 8. Nbd2
Nh7 9. Bb3 Ng5 10. Nxg5 Bxg5 11. Nc4 Be6 12. Ne3 Qd7 13. Bc2 Bxe3 14. Bxe3 f5
15. exf5 Bxf5 16. f4 exf4 17. Rxf4 Rae8 18. Qd2 Bg6 19. Raf1 Rxf4 20. Bxf4 Qe6
21. h3 Qe2 22. Qxe2 Rxe2 23. Rf2 Rxf2 24. Kxf2 Ne5 25. Ke2 Kf7 26. Kd2 Kf6 27.
Be3 a6 28. b4 Bf5 29. c4 g5 30. Kc3 Ng6 31. Bd1 c6 32. Bd4+ Ne5 33. Be2 Ke6 34.
Be3 Ng6 35. g4 Ne7 36. gxf5+ Kxf5 37. a5 1-0

[Event "VI Open Internacional Málaga"]
[Site "Málaga ESP"]
[Date "2003.02.23"]
[Round "5.4"]
[White "Herrera, Irisberto"]
[Black "Cramling, Pia"]
[Result "0-1"]
[WhiteElo "2439"]
[BlackElo "2492"]
[PlyCount "77"]
[EventDate "2003.02.21"]
[Source "lmi"]
[SourceDate "2003.02.28"]

1. e4 c5 2. Nf3 e6 3. d4 cxd4 4. Nxd4 Nc6 5. Nb5 d6 6. Bf4 e5 7. Be3 Nf6 8. Bg5
Be6 9. Bxf6 gxf6 10. Nd2 a6 11. Nc3 f5 12. exf5 Bxf5 13. Nc4 Be6 14. Ne3 Bh6
15. Ned5 O-O 16. Bc4 b5 17. Bb3 Nd4 18. O-O Kh8 19. Ne2 Nxb3 20. axb3 f5 21. f4
Qc8 22. Rf2 Qb7 23. c4 Bg7 24. Nec3 Rfc8 25. cxb5 axb5 26. Rxa8 Rxa8 27. b4 Ra6
28. Rf1 e4 29. Kh1 Ra8 30. Qd2 Rc8 31. Rc1 Rc4 32. Qf2 Bxd5 33. Nxd5 Bd4 34.
Ne3 Qa7 35. Qh4 Bxe3 36. Qd8+ Kg7 37. Qg5+ Kf8 38. Qh6+ Kg8 39. Qxd6 0-1

[Event "VI Open Internacional Málaga"]
[Site "Málaga ESP"]
[Date "2003.02.23"]
[Round "5.6"]
[White "Fernandez Siles, Luis"]
[Black "De la Paz, Frank"]
[Result "0-1"]
[WhiteElo "2274"]
[BlackElo "2441"]
[PlyCount "117"]
[EventDate "2003.02.21"]
[Source "lmi"]
[SourceDate "2003.02.28"]

1. e4 e5 2. Nf3 Nc6 3. Bb5 Bc5 4. O-O Nf6 5. Nxe5 Nxe5 6. d4 a6 7. Ba4 Nxe4 8.
Qe2 Be7 9. Qxe4 Ng6 10. c4 O-O 11. Nc3 c6 12. Bb3 Bf6 13. Re1 d6 14. Bd2 Bd7
15. Qd3 b5 16. cxb5 axb5 17. Ne4 Be7 18. Rac1 d5 19. Nc5 Bc8 20. Qg3 Bh4 21.
Qe3 Ne7 22. a3 Nf5 23. Qd3 Bf6 24. Bc3 Nd6 25. Qf3 Bf5 26. Bc2 Bg6 27. Qg4 Ra7
28. Bxg6 hxg6 29. g3 Nf5 30. h4 Re8 31. h5 Nh6 32. Qf3 g5 33. Kg2 g4 34. Qd3
Rxe1 35. Rxe1 Re7 36. Rxe7 Bxe7 37. Nb3 Qd7 38. Bd2 Nf5 39. Bf4 Qe6 40. Be5 c5
41. Qxb5 cxd4 42. Qe8+ Kh7 43. Bxd4 Qe2 44. Qxf7 Qf3+ 45. Kg1 Nxd4 46. Qg6+ Kg8
47. Nxd4 Qd1+ 48. Kg2 Qxd4 49. Qe6+ Kf8 50. Qc8+ Kf7 51. Qf5+ Ke8 52. Qc8+ Bd8
53. Qe6+ Kf8 54. Qf5+ Ke7 55. Qg5+ Kd7 56. Qf5+ Kc7 57. Qc2+ Kb7 58. Qb3+ Bb6
59. Qc2 0-1

[Event "VI Open Internacional Málaga"]
[Site "Málaga ESP"]
[Date "2003.02.23"]
[Round "5.7"]
[White "Suba, Mihai"]
[Black "Bosboom Lanchava, Tea"]
[Result "1-0"]
[WhiteElo "2501"]
[BlackElo "2325"]
[PlyCount "67"]
[EventDate "2003.02.21"]
[Source "lmi"]
[SourceDate "2003.02.28"]

1. c4 d6 2. Nc3 e5 3. g3 f5 4. d4 Nd7 5. Bh3 Nb6 6. dxe5 dxe5 7. Qxd8+ Kxd8 8.
Bg5+ Be7 9. O-O-O+ Bd7 10. Bxe7+ Nxe7 11. c5 Nc4 12. Nf3 Ke8 13. b3 e4 14. Nxe4
Bc6 15. Neg5 Na5 16. Ne6 Kf7 17. Nxc7 Bxf3 18. exf3 Rad8 19. Nb5 a6 20. Nd6+
Kf6 21. f4 Rb8 22. Rhe1 g6 23. Bf1 b5 24. Bg2 Rhd8 25. Rd2 Nec6 26. Rde2 Nb4
27. Re6+ Kg7 28. Re7+ Kg8 29. Kb1 Nac6 30. Rc7 Nd3 31. Bxc6 Ne5 32. Bd5+ Kf8
33. Rf7+ Kg8 34. Re7+ 1-0

[Event "VI Open Internacional Málaga"]
[Site "Málaga ESP"]
[Date "2003.02.23"]
[Round "5.8"]
[White "Vasquez, Rodrigo"]
[Black "Wempe, Joost"]
[Result "1-0"]
[WhiteElo "2481"]
[BlackElo "2313"]
[PlyCount "88"]
[EventDate "2003.02.21"]
[Source "lmi"]
[SourceDate "2003.02.28"]

1. e4 e6 2. d4 d5 3. Nd2 dxe4 4. Nxe4 Nd7 5. Nf3 Ngf6 6. Bg5 Be7 7. Nxf6+ Bxf6
8. Qd2 b6 9. Bb5 Bxg5 10. Qxg5 Qxg5 11. Nxg5 O-O 12. Bc6 Rb8 13. O-O-O Rd8 14.
Rhe1 Nf6 15. Nf3 Nd5 16. c3 Ne7 17. Be4 Bb7 18. Bxb7 Rxb7 19. Ne5 c6 20. f4 h5
21. g3 f6 22. Nf3 Kf7 23. Rd2 Ng6 24. Rdd1 Rbd7 25. Kc2 Rh8 26. Nd2 Rhd8 27.
Nc4 Rd5 28. b4 Nf8 29. a4 c5 30. dxc5 bxc5 31. b5 Rb8 32. Na5 Rd7 33. Nc4 Rbb7
34. Rd2 Rxd2+ 35. Kxd2 Ke7 36. Kc2 Rd7 37. Na5 Kd8 38. Kb3 Rd2 39. Nb7+ Ke7 40.
Nxc5 Rxh2 41. a5 Kd6 42. b6 a6 43. Nxa6 Kc6 44. Kc4 Re2 1-0

[Event "VI Open Internacional Málaga"]
[Site "Málaga ESP"]
[Date "2003.02.23"]
[Round "5.11"]
[White "Olsen, Peter Erik"]
[Black "Alonso, Salvador"]
[Result "1/2-1/2"]
[WhiteElo "2270"]
[BlackElo "2443"]
[PlyCount "69"]
[EventDate "2003.02.21"]
[Source "lmi"]
[SourceDate "2003.02.28"]

1. c4 Nf6 2. Nc3 g6 3. e4 c5 4. Nf3 Nc6 5. d4 cxd4 6. Nxd4 d6 7. Be2 Bg7 8. Be3
O-O 9. O-O Bd7 10. f3 Nxd4 11. Bxd4 a5 12. Qd2 Bc6 13. Rfd1 Nd7 14. Bxg7 Kxg7
15. b3 Nc5 16. Rab1 Qb6 17. Kh1 Rad8 18. Bd3 e5 19. Bc2 Qb4 20. Qe3 Ne6 21. Ne2
Qc5 22. Qd2 Rd7 23. a3 b6 24. b4 axb4 25. axb4 Qf2 26. Rf1 Qh4 27. Ra1 Rc8 28.
Bb3 Qd8 29. Qe3 Rb8 30. Rfd1 Nc7 31. Nc3 Ne6 32. Ne2 Nc7 33. Rd2 Qe7 34. Nc3
Ne6 35. Ne2 1/2-1/2

[Event "VI Open Internacional Málaga"]
[Site "Málaga ESP"]
[Date "2003.02.23"]
[Round "5.12"]
[White "Saldaño, Horacio"]
[Black "Muñoz Moreno, Francisco Javier"]
[Result "1/2-1/2"]
[WhiteElo "2442"]
[BlackElo "2291"]
[PlyCount "85"]
[EventDate "2003.02.21"]
[Source "lmi"]
[SourceDate "2003.02.28"]

1. e4 e5 2. Nf3 Nc6 3. Bb5 a6 4. Ba4 Nf6 5. O-O Be7 6. Bxc6 dxc6 7. d3 Nd7 8.
Nbd2 O-O 9. Nc4 Bf6 10. Bd2 Re8 11. Bc3 c5 12. a4 b6 13. h3 g6 14. Nh2 Nb8 15.
Ng4 Bxg4 16. Qxg4 Nc6 17. f4 Nd4 18. Bxd4 Qxd4+ 19. Kh1 Kg7 20. fxe5 Bxe5 21.
Qf3 f6 22. c3 Qd8 23. Rad1 Rf8 24. Qe3 Qe8 25. a5 b5 26. Nxe5 Qxe5 27. d4 cxd4
28. cxd4 Qe7 29. Rc1 Rae8 30. Qf4 Rf7 31. Rcd1 Qd7 32. d5 Re5 33. Rf3 c6 34.
dxc6 Qxc6 35. Rc3 Qe6 36. Re3 Re7 37. Rdd3 Rxe4 38. Rxe4 Qxe4 39. Qxe4 Rxe4 40.
Rd7+ Kh6 41. Rd6 Rb4 42. Rxf6 Rxb2 43. Rxa6 1/2-1/2

[Event "VI Open Internacional Málaga"]
[Site "Málaga ESP"]
[Date "2003.02.23"]
[Round "5.13"]
[White "Collas, Didier"]
[Black "Diez Gonzalez, Pedro Maria"]
[Result "1-0"]
[WhiteElo "2422"]
[BlackElo "2300"]
[PlyCount "47"]
[EventDate "2003.02.21"]
[Source "lmi"]
[SourceDate "2003.02.28"]

1. e4 e6 2. d4 d5 3. Nc3 Bb4 4. e5 c5 5. Bd2 Ne7 6. a3 Bxc3 7. Bxc3 cxd4 8.
Qxd4 Nbc6 9. Qg4 O-O 10. Nf3 Qc7 11. Bd3 Nf5 12. O-O Bd7 13. Rfe1 a5 14. Qh5 f6
15. Bxf5 exf5 16. exf6 gxf6 17. Qh6 d4 18. Nxd4 Ne5 19. Qh5 f4 20. Nf5 Be6 21.
Qh4 f3 22. Nh6+ Kh8 23. Rxe5 fxe5 24. Re1 1-0

[Event "VI Open Internacional Málaga"]
[Site "Málaga ESP"]
[Date "2003.02.23"]
[Round "5.14"]
[White "Garcia Jimenez, Francisco Javier"]
[Black "Perez Candelario, Manuel"]
[Result "0-1"]
[WhiteElo "2185"]
[BlackElo "2404"]
[PlyCount "38"]
[EventDate "2003.02.21"]
[Source "lmi"]
[SourceDate "2003.02.28"]

1. e4 c5 2. Nc3 e6 3. g3 Nc6 4. Bg2 d6 5. d3 g6 6. Nge2 Bg7 7. Be3 Nd4 8. Qd2
Nxe2 9. Qxe2 Qb6 10. Bc1 Ne7 11. O-O O-O 12. h3 Nc6 13. Nd1 Qa6 14. f4 Bd7 15.
Ne3 Rae8 16. Qf2 f5 17. g4 fxe4 18. dxe4 Nd4 19. c3 Ne2+ 0-1

[Event "VI Open Internacional Málaga"]
[Site "Málaga ESP"]
[Date "2003.02.23"]
[Round "5.15"]
[White "Westerinen, Heikki MJ"]
[Black "Amate Tortosa, Bernardo"]
[Result "1/2-1/2"]
[WhiteElo "2374"]
[BlackElo "2251"]
[PlyCount "91"]
[EventDate "2003.02.21"]
[Source "lmi"]
[SourceDate "2003.02.28"]

1. e4 c5 2. Nf3 d6 3. c3 Nf6 4. h3 g6 5. Bd3 Bg7 6. O-O O-O 7. Bc2 Nc6 8. Re1
b6 9. a3 c4 10. b3 cxb3 11. Bxb3 Na5 12. Bc2 Ba6 13. d3 Rc8 14. a4 Nd7 15. Ra3
Qc7 16. c4 Ne5 17. Nc3 Qd7 18. Nb5 Nac6 19. Be3 e6 20. Nh2 f5 21. f4 Nf7 22.
exf5 gxf5 23. Nf3 Bb7 24. Bb1 Ba8 25. Ra2 Rce8 26. d4 Na5 27. Bd3 Rc8 28. Nd2
e5 29. Qh5 Nd8 30. d5 a6 31. Na3 e4 32. Bxb6 Bc3 33. Bf1 Nb3 34. Qg5+ Kf7 35.
Nab1 Bd4+ 36. Bxd4 Nxd4 37. Qh5+ Kg8 38. Re3 Nb7 39. Rg3+ Kh8 40. Raa3 Nc5 41.
Rg5 Rf7 42. a5 Re8 43. Re3 Nc2 44. Rc3 Nd4 45. Re3 Nc2 46. Rc3 1/2-1/2

[Event "VI Open Internacional Málaga"]
[Site "Málaga ESP"]
[Date "2003.02.24"]
[Round "6.2"]
[White "Cabrera, Alexis"]
[Black "Rizouk, Aimen"]
[Result "1-0"]
[WhiteElo "2478"]
[BlackElo "2519"]
[PlyCount "89"]
[EventDate "2003.02.21"]
[Source "lmi"]
[SourceDate "2003.02.28"]

1. e4 e5 2. Nf3 Nc6 3. Bc4 Bc5 4. c3 Nf6 5. d3 a6 6. Bb3 Ba7 7. O-O d6 8. Be3
O-O 9. Nbd2 Ne7 10. Nh4 h6 11. Bxa7 Rxa7 12. f4 Kh7 13. Qf3 Ra8 14. fxe5 dxe5
15. Nc4 Nc6 16. d4 Qe7 17. Nf5 Bxf5 18. Qxf5+ Kh8 19. Nxe5 Nxe5 20. Qxe5 Qxe5
21. dxe5 Nd7 22. Bxf7 Nxe5 23. Bb3 Rfe8 24. Rad1 Re7 25. h3 Rae8 26. Rf2 Rc8
27. Kh2 Ree8 28. Kg3 Re7 29. Rfd2 Ree8 30. Ba4 Rf8 31. Rf2 c6 32. Rxf8+ Rxf8
33. Bb3 a5 34. Rd6 Re8 35. Kf4 Kh7 36. Be6 Ng6+ 37. Ke3 Nf8 38. Bb3 Re7 39. Kd3
g6 40. a4 Kg7 41. Bc4 Nd7 42. Be6 Nf8 43. Bc8 Rc7 44. Bg4 Re7 45. h4 1-0

[Event "VI Open Internacional Málaga"]
[Site "Málaga ESP"]
[Date "2003.02.24"]
[Round "6.3"]
[White "De la Paz, Frank"]
[Black "Suba, Mihai"]
[Result "1-0"]
[WhiteElo "2441"]
[BlackElo "2501"]
[PlyCount "44"]
[EventDate "2003.02.21"]
[Source "lmi"]
[SourceDate "2003.02.28"]

1. e4 e6 2. d4 d5 3. Nd2 dxe4 4. Nxe4 Bd7 5. Nf3 Bc6 6. Bd3 Nd7 7. Qe2 Be7 8.
Be3 Ngf6 9. Nxf6+ Bxf6 10. O-O-O Qe7 11. Rhe1 O-O-O 12. h4 Rde8 13. g4 g6 14.
g5 Bg7 15. h5 Bxf3 16. Qxf3 c5 17. hxg6 hxg6 18. c3 cxd4 19. cxd4 Nb6 20. Bc2
Nd5 21. Kb1 a5 22. Rh1 a4 1-0

[Event "VI Open Internacional Málaga"]
[Site "Málaga ESP"]
[Date "2003.02.24"]
[Round "6.4"]
[White "Perez Candelario, Manuel"]
[Black "Korneev, Oleg"]
[Result "1-0"]
[WhiteElo "2404"]
[BlackElo "2613"]
[PlyCount "89"]
[EventDate "2003.02.21"]
[Source "lmi"]
[SourceDate "2003.02.28"]

1. e4 e5 2. Nf3 Nc6 3. Bb5 a6 4. Ba4 Nf6 5. d4 exd4 6. O-O Be7 7. Re1 b5 8. Bb3
d6 9. Bd5 Nxd5 10. exd5 Ne5 11. Nxd4 O-O 12. a4 Bg4 13. Qd2 Bd7 14. Nc3 b4 15.
Nce2 a5 16. b3 Re8 17. h3 Qc8 18. Bb2 Bf6 19. c4 Ng6 20. Kh2 Be5+ 21. f4 Bf6
22. Ng3 Bh4 23. Rxe8+ Qxe8 24. Nh5 Be7 25. Nb5 Rc8 26. Nxg7 Qf8 27. Re1 f5 28.
Ne6 Bxe6 29. Rxe6 Qf7 30. Na7 Ra8 31. Nc6 Bf8 32. g3 Bg7 33. h4 Kh8 34. h5 Ne5
35. fxe5 Qxh5+ 36. Kg2 f4 37. exd6 f3+ 38. Kg1 Rf8 39. Bxg7+ Kxg7 40. Qd4+ Kg8
41. Ne7+ Kf7 42. Qf6+ Ke8 43. Nc6+ Kd7 44. Qe7+ Kc8 45. Qxc7# 1-0

[Event "VI Open Internacional Málaga"]
[Site "Málaga ESP"]
[Date "2003.02.24"]
[Round "6.5"]
[White "Cifuentes Parada, Roberto"]
[Black "Leskovar, Mario"]
[Result "1-0"]
[WhiteElo "2506"]
[BlackElo "2363"]
[PlyCount "83"]
[EventDate "2003.02.21"]
[Source "lmi"]
[SourceDate "2003.02.28"]

1. d4 g6 2. c4 Bg7 3. e4 d6 4. Nc3 Nd7 5. Nf3 e5 6. Be3 Ne7 7. Be2 h6 8. O-O f5
9. dxe5 dxe5 10. exf5 Nxf5 11. Qc2 O-O 12. Rad1 Qe7 13. Nd5 Qd8 14. c5 c6 15.
Nc3 Qe7 16. Ne4 Nf6 17. Nxf6+ Rxf6 18. Bc1 e4 19. Bc4+ Kh7 20. Rfe1 exf3 21.
Rxe7 Nxe7 22. g3 Bg4 23. Qb3 Nd5 24. Re1 Rd8 25. Qxb7 Re6 26. Rxe6 Bxe6 27. h4
Bf5 28. Qb3 Nf6 29. h5 Ng4 30. Be6 Ne5 31. hxg6+ Kxg6 32. Bxf5+ Kxf5 33. Bf4
Rd3 34. Qc2 Ke4 35. Bxe5 Bxe5 36. Kh2 h5 37. Qc4+ Bd4 38. Qe6+ Be5 39. Qxc6+
Kf5 40. Qh6 Ke4 41. Qxh5 Rd2 42. Qg4+ 1-0